000 00668nam a2200241Ia 4500
003 OSt
005 20221005122556.0
006 a|||||r|||| 00| 0
007 ta
008 221004b |||||||| |||| 00| 0 san d
024 _a51382
037 _cTextual
040 _aCRL
_cCRL
_bsan
041 _2san
_asan
082 _aQ2:4zxJ20:1, 15G3.2
100 _aBhatta Raghunatha
245 0 _aKalatattva vivechana ed by Nanda Kishore Sharma
260 _c1933
490 _aPrincess of Wales Sarasvati Bhavana texts; 40
650 _aRELIGION
942 _hQ2:4zxJ20:1, 15G3.2
_cTEXL
_2cc
999 _c1044693
_d1044693